| 000 | 00548nam a2200205Ia 4500 | ||
|---|---|---|---|
| 005 | 20241129110238.0 | ||
| 008 | 241129s9999||||xx |||||||||||||| ||und|| | ||
| 037 | _aTB | ||
| 040 |
_aARTS _beng _cARTS |
||
| 041 |
_aeng _2urd |
||
| 084 |
_aO168,1L89x P9 _qARTS |
||
| 100 |
_aRasool Shehpar Au. _9727561 |
||
| 245 | 0 |
_aKarnama-e-Shauq _cRasool Shehpar Au. |
|
| 260 |
_aDelhi, India _bkitab ghar _c2010 |
||
| 300 | _a232p. | ||
| 365 |
_aINR _b150 |
||
| 650 | _aUrdu Poetry | ||
| 942 |
_cTB _hO168,1L89x P9 |
||
| 999 |
_c1227865 _d1227865 |
||